| 000 | 00958cam a2200241 a 4500 | ||
|---|---|---|---|
| 001 | 14828235 | ||
| 005 | 20250730162319.0 | ||
| 008 | 070430s2005 tnu 001 0deng d | ||
| 020 | _a9780899574769 | ||
| 020 | _a0899574769 | ||
| 050 | 0 | 0 |
_aBT203 _b.E57 2005 |
| 082 | 0 | 0 |
_a232.03 _222 |
| 245 | 0 | 0 |
_aEncyclopedia of Jesus' life and time / _cc ompiled by Mark Water. |
| 260 |
_aChattanooga, Tenn. : _bAMG Publishers, _cc2005. |
||
| 300 |
_a816 p. ; _c24 cm. |
||
| 500 | _a"The ultimate handbook on how Jesus' life and time affects us today"--Cover. | ||
| 500 | _aIncludes indexes. | ||
| 700 | 1 | _aWater, Mark. | |
| 856 | 4 | 2 |
_3Contributor biographical information _uhttp://www.loc.gov/catdir/enhancements/fy1112/2007310295-b.html |
| 856 | 4 | 2 |
_3Publisher description _uhttp://www.loc.gov/catdir/enhancements/fy1112/2007310295-d.html |
| 856 | 4 | 1 |
_3Table of contents only _uhttp://www.loc.gov/catdir/enhancements/fy1112/2007310295-t.html |
| 942 |
_2lcc _cREF _n0 |
||
| 999 |
_c7216 _d7216 |
||